Statistics for Seinfeld Trivia #1

Click here to take the quiz!

General Stats

  • This quiz has been taken 28,321 times
    (15,853 since last reset)
  • The average score is 14 of 20

Answer Stats

QuestionAnswer% Correct
What is the show about?Nothing
92%
Who says "No Soup For You?"The Soup Nazi
92%
What baseball team does
George work for?
The Yankees
90%
What network did the show
originally air on?
NBC
89%
Jerry isn't ___, not that there's
anything wrong with it
Gay
88%
Who is Jerry's enemy?Newman
87%
What is Kramer's first name?Cosmo
86%
Who is Jerry's favorite superhero?Superman
82%
What holiday did George's dad invent?Festivus
75%
Fill in the blank: These pretzels are
making me _______
Thirsty
75%
With Jerry Seinfeld,
who co-created the show?
Larry David
74%
What does George remove from
a whale's blowhole?
A Golf Ball
69%
What is George's alias?{Art} Vandelay
67%
What actor played George Costanza?Jason Alexander
63%
Who is George's fiance?Susan Ross
57%
What's another name for a manssiere?A Bro
52%
Whose catalogue does Elaine work for?J. Peterman
52%
What game did George play
with the Bubble Boy?
Trivial Pursuit
48%
What's the name of Jerry's dad?Morty
43%
What Oscar-winning movie
does Elaine hate?
The English Patient
40%

Score Distribution

Percentile by Number Answered

Percent of People with Each Score

Your Score History

You have not taken this quiz since the last reset